Normal view
MARC view
- Paloera R.
Entry Personal Name
001 - CONTROL NUMBER
- control field: 215555
003 - CONTROL NUMBER IDENTIFIER
- control field: OSt
005 - DATE AND TIME OF LATEST TRANSACTION
- control field: 20251127142642.0
008 - FIXED-LENGTH DATA ELEMENTS
- fixed length control field: 251127|| aca||aabn | a|a d
040 ## - CATALOGING SOURCE
- Original cataloging agency: OSt
- Transcribing agency: OSt
100 ## - HEADING--PERSONAL NAME
- Personal name: Paloera R.
- Personal name: Couvertier I
670 ## - SOURCE DATA FOUND
- Source citation: Work cat.: (OSt)369117: Jiménez M. 215122, Introduction To Embedded Systems, 2014